|
|
|
|
| LEADER |
01525nam a2200337Ia 4500 |
| 001 |
EBC1588079 |
| 003 |
MiAaPQ |
| 005 |
20200520144314.0 |
| 006 |
m o d | |
| 007 |
cr cn||||||||| |
| 008 |
111102s2013 dcua s 000 0 eng d |
| 020 |
|
|
|z 9781475536867
|
| 020 |
|
|
|z 9781484382059
|
| 035 |
|
|
|a (MiAaPQ)EBC1588079
|
| 035 |
|
|
|a (Au-PeEL)EBL1588079
|
| 035 |
|
|
|a (CaPaEBR)ebr10748299
|
| 035 |
|
|
|a (CaONFJC)MIL511572
|
| 035 |
|
|
|a (OCoLC)876510677
|
| 040 |
|
|
|a MiAaPQ
|c MiAaPQ
|d MiAaPQ
|
| 050 |
|
4 |
|a HC870
|b .U33 2013
|
| 245 |
0 |
0 |
|a Uganda
|h [electronic resource] :
|b 2013 article IV consultation and sixth review under the policy support instrument, request for a three-year policy support instrument and cancellation of current policy support instrument staff report; public information notice and press release on the Executive Board discussion; and statement by the Executive Director for Uganda.
|
| 260 |
|
|
|a Washington, D.C. :
|b International Monetary Fund,
|c 2013.
|
| 300 |
|
|
|a 1 v. (various pagings) :
|b ill.
|
| 490 |
0 |
|
|a IMF country report ;
|v 13/215
|
| 533 |
|
|
|a Electronic reproduction. Ann Arbor, MI : ProQuest, 2015. Available via World Wide Web. Access may be limited to ProQuest affiliated libraries.
|
| 651 |
|
0 |
|a Uganda
|x Economic policy.
|
| 651 |
|
0 |
|a Uganda
|x Economic conditions.
|
| 655 |
|
4 |
|a Electronic books.
|
| 710 |
2 |
|
|a International Monetary Fund.
|
| 710 |
2 |
|
|a ProQuest (Firm)
|
| 856 |
4 |
0 |
|u https://ebookcentral.proquest.com/lib/matrademy/detail.action?docID=1588079
|z Click to View
|